000 01022nam a22002657a 4500
999 _c22451
_d22451
003 AR-CdUCM
008 190228b ||||| |||| 00| 0 spa d
020 _a9786124715426
040 _aMUNICIPALIDAD PROVINCIAL DEL CUSCO
_cBIBLIOTECA MUNICIPAL DEL CUSCO
082 _a303.625/R781
_bR781
100 _aRojas Zolezzi, Enrique
_948228
245 _aCuando los guerreros hablan :
_blos índigenas campa ashaninka y nomatsiguenga y la guerra contra Sendero Luminoso y el Movimiento Revolucionario Túpac Amaru en la selva central peruana /
_cEnrique Rojas Zolezzi
260 _aLima :
_bEdit. Horizonte,
_c2016.
300 _a329 páginas. :
_bmapas ;
_c21 cm.
500 _zBibliografía: p. 289-329.
650 _aTerrorismo
_91688
650 _aViolencia política
_97220
650 _aIndígenas campas
_948229
650 _aIndígenas machigüengas
_96041
650 _aHistoria
_948230
650 _aCondiciones sociales
_948231
650 _aRegión de la Selva
_921783
942 _2ddc
_cLIBROS
945 _aRoel